Barriers to U.S. service trade in Japan
Gespeichert in:
| 1. Verfasser: | |
|---|---|
| Format: | Buch |
| Sprache: | Undetermined |
| Veröffentlicht: |
Santa Monica, CA.
Rand
1984
|
| Schlagworte: | |
| Tags: |
Tag hinzufügen
Keine Tags, Fügen Sie den ersten Tag hinzu!
|
| Thư viện lưu trữ: | Trung tâm Học liệu Trường Đại học Cần Thơ |
|---|
| LEADER | 00563nam a2200193Ia 4500 | ||
|---|---|---|---|
| 001 | CTU_97017 | ||
| 008 | 210402s9999 xx 000 0 und d | ||
| 082 | |a 382.0973052 | ||
| 082 | |b A375 | ||
| 100 | |a Alexander, Arthur J. | ||
| 245 | 0 | |a Barriers to U.S. service trade in Japan | |
| 245 | 0 | |c Arthur J. Alexander, Hong W. Tan | |
| 260 | |a Santa Monica, CA. | ||
| 260 | |b Rand | ||
| 260 | |c 1984 | ||
| 650 | |a Service industries,Service industries | ||
| 650 | |z Japan,United States | ||
| 904 | |i Năm | ||
| 980 | |a Trung tâm Học liệu Trường Đại học Cần Thơ | ||